| Tag |
First Indicator |
Second Indicator |
Subfields |
| LEADER |
00000cam a2200000Ia 4500 |
| 001 |
in00002313639 |
| 005 |
20190326192456.0 |
| 006 |
m | d | |
| 007 |
cr |n||||||||n |
| 008 |
881025s1846 enk s 000 0 eng d |
| 040 |
|
|
|a DLM
|c GKR
|d OCL
|d Thomson Gale
|d UtOrBLW
|
| 043 |
|
|
|a e-uk-st
|
| 100 |
1 |
|
|a Fraser, James Baillie,
|d 1783-1856.
|
| 245 |
1 |
4 |
|a The Perth and Inverness Railway :
|b its importance as a national and commercial enterprise /
|c by J.B. Fraser.
|
| 264 |
|
1 |
|a London :
|b Vacher & Sons, stationers,
|c 1846.
|
| 300 |
|
|
|a 28 pages
|
| 336 |
|
|
|a text
|b txt
|2 rdacontent
|
| 337 |
|
|
|a computer
|b c
|2 rdamedia
|
| 338 |
|
|
|a online resource
|b cr
|2 rdacarrier
|
| 500 |
|
|
|a Reproduction of original from Goldsmiths' Library, University of London.
|
| 500 |
|
|
|a Goldsmiths'-Kress number 34737.
|
| 510 |
4 |
|
|a OCLC,
|c 18666761
|
| 533 |
|
|
|a Electronic reproduction.
|b Farmington Hills, Mich. :
|c Thomson Gale,
|d 2005.
|f (The making of the modern world).
|n Available via the World Wide Web.
|n Access limited to licensing agreements.
|7 s2005 miunns
|
| 500 |
|
|
|a Electronic resource.
|
| 610 |
2 |
0 |
|a Perth and Inverness Railway.
|
| 650 |
|
0 |
|a Railroads
|z Scotland.
|
| 655 |
|
0 |
|a Electronic books.
|
| 830 |
|
0 |
|a Making of the modern world (Goldsmiths'-Kress Library of Economic Literature)
|
| 856 |
4 |
0 |
|u http://proxy.library.tamu.edu/login?url=http://galenet.galegroup.com/servlet/MOME?af=RN&ae=U106636257&srchtp=a&ste=14&locID=txshracd2898
|z Connect to the full text of this electronic book
|t 0
|
| 999 |
|
|
|a MARS
|
| 999 |
f |
f |
|s c4b20e76-cbdb-333b-8d42-6886ba9b7fad
|i 9b553c9b-c27b-326e-890a-7fac7d3d3324
|t 0
|
| 952 |
f |
f |
|a Texas A&M University
|b College Station
|c Electronic Resources
|d Available Online
|t 0
|h No information provided
|
| 998 |
f |
f |
|t 0
|l Available Online
|